| 000 | 004800000a22001930004500 | ||
|---|---|---|---|
| 001 | 001554 | ||
| 003 | MACL | ||
| 005 | 20150919124005.0 | ||
| 008 | 150919b xxu||||| |||| 00| 0 eng d | ||
| 040 |
_aMACL _cMACL |
||
| 041 | _aEnglish | ||
| 082 | _a825/PAL | ||
| 100 |
_aPalit, Chittabrata _9480 |
||
| 245 |
_aVarious Subhas _cChittabrata Palit |
||
| 260 |
_aKolkata _c2005 _bPenman Kolkata India, |
||
| 350 | _a100 | ||
| 650 |
_aEnglish Speeches _911956 |
||
| 942 |
_k825 _cBK _2ddc |
||
| 999 |
_c13474 _d13474 |
||